Vector mechanics for engineers (Record no. 4856)

000 -LEADER
fixed length control field 00594nam a2200217 a 4500
001 - CONTROL NUMBER
control field 4856
003 - CONTROL NUMBER IDENTIFIER
control field BD-DhUET
008 - FIXED-LENGTH DATA ELEMENTS--GENERAL INFORMATION
fixed length control field 840307s1984 nyua 001 0 eng
020 ## - INTERNATIONAL STANDARD BOOK NUMBER
International Standard Book Number 0070044384
040 ## - CATALOGING SOURCE
Original cataloging agency DLC
Transcribing agency DLC
Modifying agency BD-DhUET
082 00 - DEWEY DECIMAL CLASSIFICATION NUMBER
Classification number 620.1
Item number BEE/1984
100 ## - MAIN ENTRY--PERSONAL NAME
Personal name Beer, Ferdinand P.
245 10 - TITLE STATEMENT
Title Vector mechanics for engineers
Remainder of title statics and dynamics
250 ## - EDITION STATEMENT
Edition statement 4th ed.
260 ## - PUBLICATION, DISTRIBUTION, ETC. (IMPRINT)
Place of publication, distribution, etc. New York
Name of publisher, distributor, etc. McGraw-Hill
Date of publication, distribution, etc. 1984
300 ## - PHYSICAL DESCRIPTION
Extent xxi, 926 p.
Other physical details ill.
Dimensions 24 cm.
504 ## - BIBLIOGRAPHY, ETC. NOTE
Bibliography, etc Includes bibliographies
650 #0 - SUBJECT ADDED ENTRY--TOPICAL TERM
Topical term or geographic name as entry element Engineering instruments
700 1# - ADDED ENTRY--PERSONAL NAME
Personal name Johnston, E. Russell
942 ## - ADDED ENTRY ELEMENTS (KOHA)
Koha item type General Book
Holdings
Sublocation or collection (holding branch) Koha issues (times borrowed) Copy number Damaged status Not for loan Price effective from Koha item type Koha date last borrowed Piece designation (barcode) Lost status Koha normalized classification for sorting Date acquired Location (home branch) Koha date last seen Shelving location Withdrawn status Source of classification or shelving scheme Koha full call number
Central Library, BUET 1  2014-11-23General Book 66051 620_100000000000000_BEE_19842014-11-23Central Library, BUET2015-12-08Circulation section  620.1/BEE/1984
Central Library, BUET21  2014-11-24General Book2022-06-1266042 620_000000000000000_1BEE19842014-11-24Central Library, BUET2022-06-20Circulation section  620.1/BEE/1984
Central Library, BUET41  2014-11-29General Book2023-01-1066086 620_100000000000000_BEE_19842014-11-29Central Library, BUET2023-06-07Circulation section  620.1/BEE/1984
Central Library, BUET149  2014-12-11General Book2025-04-3066044 620_100000000000000_BEE_19842014-12-11Central Library, BUET2025-05-28Circulation section  620.1 /BEE/1984
Central Library, BUET 1  2014-12-11General Book 66012 620_100000000000000_BEE_19842014-12-11Central Library, BUET2015-02-23Circulation section  620.1/BEE/1984
Central Library, BUET 6  2015-01-19General Book 66043 620_100000000000000_BEE_19842015-01-19Central Library, BUET2015-12-22Circulation section  620.1/BEE/1984
Central Library, BUET17  2015-02-16General Book2022-11-2181336 620_100000000000000_BEE_19842015-02-16Central Library, BUET2022-12-13Circulation section  620.1/BEE/1984
Central Library, BUET11  2015-04-01General Book2018-04-1866048 620_100000000000000_BEE_19842015-04-01Central Library, BUET2018-04-30Circulation section  620.1/BEE/1984
Central Library, BUET 9  2015-06-21Reading Item 66015 620_100000000000000_BEE_19842015-06-21Central Library, BUET2015-06-21Reading section  620.1/BEE/1984
Central Library, BUET 10  2015-06-22General Book 66014 620_100000000000000_BEE_19842015-06-22Central Library, BUET2015-06-22Reading section  620.1/BEE/1984
Central Library, BUET 11  2015-06-22General Book 66013 620_100000000000000_BEE_19842015-06-22Central Library, BUET2015-06-22Reading section  620.1/BEE/1984
Central Library, BUET 12  2015-06-29Reading Item 66095 620_010000000000000_BEE_19842015-06-29Central Library, BUET2015-06-29Reading section  620.01/BEE/1984
Central Library, BUET 13  2015-07-28General Book 75502 620_100000000000000_BEE_19842015-07-28Central Library, BUET2015-07-28Circulation section  620.1/BEE/1984